Science Quiz

Random Science or Animal Quiz

Which Dog Breed Is It? Quiz Stats

 Plays Quiz Updated Jun 28, 2018

Score 0/12 Timer 05:00
5 Plays Today
Question Answer Wrong Answers
Which dog is a Rottweiler? Rottweiler
94.7%
Weimaraner
1%
Boxer
2.2%
Mastiff
0.7%
Which dog is a Golden Retriever? Golden Retriever
92.6%
German Shepherd
0.3%
Labrador Retriever
5.7%
Brittany Spaniel
0.2%
Which dog is a St. Bernard? St. Bernard
92.3%
Bernese Mountain Dog
5.4%
Siberian Husky
0.3%
Afghan Hound
0.8%
Which dog is an English Bulldog? English Bulldog
91%
American Staffordshire Terrier
2.8%
Sharpei
1.2%
Bull Terrier
3.6%
Which dog is a Pomeranian? Pomeranian
89.8%
Maltese
3%
Chihuahua
0.9%
Papillon
5%
Which dog is a Chow Chow? Chow Chow
89%
Newfoundland
0.9%
Akita
5.6%
Samoyed
3.1%
Which dog is a Jack Russell Terrier? Jack Russell Terrier
88.2%
Scottish Terrier
4.6%
Miniature Schnauzer
2.8%
Cairn Terrier
3%
Which dog is a Bloodhound? Bloodhound
88%
Basset Hound
5.9%
Beagle
1.5%
Rhodesian Ridgeback
3.3%
Which dog is a French Bulldog? French Bulldog
87.9%
Pug
10%
Shih Tzu
0.3%
Pekingese
0.5%
Which dog is a Lhasa Apso? Lhasa Apso
74.8%
Bichon Frise
4.8%
Tibetan Spaniel
10.5%
Xoloitzcuintli
8.6%
Which dog is an Australian Shepherd? Australian Shepherd
69.7%
Bearded Collie
5%
Canaan Dog
9.7%
Border Collie
14.3%
Which dog is a Chinese Crested? Chinese Crested
67.5%
Japanese Chin
19.3%
Toy Poodle
1.3%
Yorkshire Terrier
10.6%

You're not logged in!

Compare scores with friends on all Sporcle quizzes.
OR
Log In

Sporcle TV

Today on Sporcle TV


Watch our educational content, quiz creation guides, and fun videos on Sporcle TV.

Show Comments

Extras

Top Quizzes Today


Score Distribution

Your Account Isn't Verified!

In order to create a playlist on Sporcle, you need to verify the email address you used during registration. Go to your Sporcle Settings to finish the process.

Report this User

Report this user for behavior that violates our Community Guidelines.

Details: